000 00202 a2200097 4500
999 _c293925
_d293925
001 58852
003 NUST
005 20170531092041.0
008 170531b xxu||||| |||| 00| 0 eng d
040 _cNUST
082 _a891.4393
245 _aHasal Ghat
260 _aLahore
_bSang e meel
_c2007
942 _aNUST-CAE
_cBK
_cBK
_2ddc